Arquitectura parroquial y conventual del alfoz complutense en la época de los Austrias / (Record no. 176698)

MARC details
000 -LEADER
campo de control de longitud fija 00895nam a22002415i 4500
001 - NÚMERO DE CONTROL
campo de control 176698
003 - IDENTIFICADOR DE NÚMERO DE CONTROL
campo de control ES-MaACL
005 - FECHA Y HORA DE LA ÚLTIMA TRANSACCIÓN
campo de control 20230906220150.0
008 - DATOS DE LONGITUD FIJA--INFORMACIÓN GENERAL
campo de control de longitud fija 110202s2010 sp ao |||| | spa d
020 ## - NÚMERO INTERNACIONAL ESTÁNDAR DEL LIBRO
Número Internacional Estándar del Libro 978-84-87914-94-2
080 ## - NÚMERO DE LA CLASIFICACIÓN DECIMAL UNIVERSAL
Número de la Clasificación Decimal Universal 726.5(460.27)
100 1# - ENTRADA PRINCIPAL--NOMBRE DE PERSONA
Nombre de persona Peña y Montes de Oca, Jorge-Elías de la.
9 (RLIN) 144993
245 10 - MENCIÓN DEL TÍTULO
Título Arquitectura parroquial y conventual del alfoz complutense en la época de los Austrias /
Mención de responsabilidad, etc. Jorge-Elías de la Peña y Montes de Oca.
260 ## - PUBLICACIÓN, DISTRIBUCIÓN, ETC.
Lugar de publicación, distribución, etc. Alcalá de Henares :
Nombre del editor, distribuidor, etc. Ayuntamiento de Alcalá de Henares,
Fecha de publicación, distribución, etc. D. L. 2010.
300 ## - DESCRIPCIÓN FÍSICA
Extensión 405 p. :
Otras características físicas il. bl. y n. ;
Dimensiones 21 cm.
490 1# - MENCIÓN DE SERIE
Mención de serie Alcalá Ensayo ;
Designación de volumen o secuencia 28
500 ## - NOTA GENERAL
Nota general Índices.
504 ## - NOTA DE BIBLIOGRAFÍA, ETC.
Nota de bibliografía, etc. Bibliografía: p. 345-365.
650 #4 - PUNTO DE ACCESO ADICIONAL DE MATERIA--TÉRMINO DE MATERIA
Término de materia o nombre geográfico como elemento de entrada Arquitectura religiosa-
Subdivisión geográfica Madrid (Comunidad Autónoma)
9 (RLIN) 10049
830 0# - PUNTO DE ACCESO ADICIONAL DE SERIE-TÍTULO UNIFORME
Título uniforme Alcalá Ensayo ;
Designación de volumen o secuencia 28
9 (RLIN) 185763
852 ## - LOCALIZACIÓN
Ubicación ES-MaACL
Número de control de estantería E-14169
Holdings
Estatus retirado Estado de pérdida Estado de daño No para préstamo Biblioteca de origen Biblioteca actual Ubicación en estantería Fecha de adquisición Fuente de adquisición Total de préstamos Signatura topográfica completa Código de barras Visto por última vez Precio de reemplazo Tipo de ítem Koha
        Biblioteca del Ateneo de Madrid Biblioteca del Ateneo de Madrid Depósito 2 02/02/2011     E-14169 1185585 23/02/2023 23/02/2023 Libro impreso